Ciencia, tecnología y sociedad : (Registro nro. 7581)

Detalles MARC
000 -LIDER
fixed length control field 02290nam a2200385 i 4500
001 - NÚMERO DE CONTROL
Identificador de número de control 000000101
003 - IDENTIFICACDOR DE NÚMERO DE CONTROL
control field DO-SdBPM
005 - DATE AND TIME OF LATEST TRANSACTION
control field 20250910101055.0
007 - CAMPOS FIJOS DE DESCRIPCIÓN FÍSICA
fixed length control field ta
008 - ELEMENTOS DE LONGITUD FIJA
fixed length control field 081031t2008 dr r 001 0 spa d
020 ## - ISBN
International Standard Book Number 8489525579
040 ## - FUENTE DE CATALOGACIÓN
Agencia que crea de manera original el registro DO-SdBPM
Idioma de catalogación spa
Agencia que realiza la transcripción BPMSU
Convenciones de la despripción rda
082 #4 - NÚMERO DE CLASIFICACIÓN DECIMAL DE DEWEY
Classification number 501
Item number C569t 2008
Edition number 22
092 ## - LOCALLY ASSIGNED DEWEY DECIMAL CALL NUMBER
Número de edición
245 00 - MENCIÓN DE TITULO
Título Ciencia, tecnología y sociedad :
Mención de responsabilidad compilador, Andrés Molina .
Subtítulo selección de textos de quehacer científico I /
264 ## - PRODUCTION, PUBLICATION, DISTRIBUTION, MANUFACTURE, AND COPYRIGHT NOTICE
Place of production, publication, distribution, manufacture Santo Domingo :
Name of producer, publisher, distributor, manufacturer INTEC,
Date of production, publication, distribution, manufacture, or copyright notice 2008
300 ## - DESCRIPCIÓN FÍSICA
Extensión 244 páginas ;
Dimensiones 23 cm.
336 ## - CONTENT TYPE
Source rdacontent
Content type term texto
Content type code txt
337 ## - MEDIA TYPE
Source rdamedia
Media type term sin mediación
Media type code n
338 ## - CARRIER TYPE
Source rdacarrier
Carrier type term volumen
Carrier type code nc
500 ## - NOTA GENERAL
Nota general
505 0# - NOTA DE CONTENIDO
Título Introducción
-- La ciencia, una construcción humana /
Mención de responsabilidad Andrés Molina --
Título ¿Qué es la ciencia? /
Mención de responsabilidad Mario Bunge --
Título Ciencia y filosofía /
Mención de responsabilidad Marx Wartofsky --
Título Orígenes de las relaciones ciencia-poder político /
Mención de responsabilidad J. J. Salomon --
Título Ciencia moderna y burguesía /
Mención de responsabilidad Stefano Sonnati --
Título Ciencia, tecnología y desarrollo: algunos modelos de relación /
Mención de responsabilidad Luis A. Camacho N. --
Título El desarrollo de la tecnología /
Mención de responsabilidad Gomory E. Ralph --
Título Ciencia y tecnología /
Mención de responsabilidad J. Ziman --
Título La tecnología y nuestras responsabilidades hacia las generaciones futuras /
Mención de responsabilidad Jhon J. Snyder --
Información miscelánea Parte lll --
Título ¿Hay un método de la ciencia? --
-- El método científico /
Mención de responsabilidad Mario Bunge --
Título Las hipótesis y el método científico /
Mención de responsabilidad Cohen-Nagel --
Título Miseria de la metodología /
Mención de responsabilidad Andrés Molina --
Título Revoluciones científicas y cambios conceptuales /
Mención de responsabilidad H. Browun --
Información miscelánea Parte lV --
Título Crítica de la razón científica --
-- Prosupuestos y límites de la ciencia --
Mención de responsabilidad Peter E. Hodgson --
Título Los argumentos extraídos de la metodología no demuestran la superioridad de la ciencia /
Mención de responsabilidad Paul Feyerabend.
590 ## - NOTA LOCAL
Texto de la nota local Inventariado, 2025/VM
650 #7 - ENCABEZAMIENTO DE MATERIA--TEMÁTICO
Término temático o nombre geográfico como elemento de entrada Tecnología
Subdivisión temática general Aspectos sociales
650 #7 - ENCABEZAMIENTO DE MATERIA--TEMÁTICO
Término temático o nombre geográfico como elemento de entrada Filosofía de la ciencia
Subdivisión temática general Ensayos, conferencias, etc.
650 #7 - ENCABEZAMIENTO DE MATERIA--TEMÁTICO
Término temático o nombre geográfico como elemento de entrada Filosofía de la ciencia
Subdivisión temática general Estudio y enseñanza
650 #7 - ENCABEZAMIENTO DE MATERIA--TEMÁTICO
Término temático o nombre geográfico como elemento de entrada Tecnología
Subdivisión temática general Estudio y enseñanza
700 1# - ASIENTO SECUNDARIO -- NOMBRE PERSONAL
Nombre personal Molina, Andrés,
Mención de responsabilidad compilador
710 2# - ASIENTO SECUNDARIO -- NOMBRE CORPORATIVO
Nombre corporativo o de jurisdicción Instituto Tecnológico de Santo Domingo
710 z# - ASIENTO SECUNDARIO -- NOMBRE CORPORATIVO
Nombre corporativo o de jurisdicción INTEC
710 z# - ASIENTO SECUNDARIO -- NOMBRE CORPORATIVO
Nombre corporativo o de jurisdicción I.N.T.E.C.
710 z# - ASIENTO SECUNDARIO -- NOMBRE CORPORATIVO
Nombre corporativo o de jurisdicción Instituto Tecnológico Santo Domingo
910 ## - VALIDACIÓN
Validación VMateo V. Control de calidad BPMSU
942 ## - ADDED ENTRY ELEMENTS (KOHA)
Source of classification or shelving scheme Dewey Decimal Classification
Koha item type Libros
Existencias
Withdrawn status Lost status Source of classification or shelving scheme Damaged status Not for loan Collection code Home library Current library Date acquired Source of acquisition Total Checkouts Full call number Barcode Date last seen Price effective from Koha item type
    Dewey Decimal Classification     Colección Dominicana Biblioteca Pública Metropolitana Salomé Ureña Biblioteca Pública Metropolitana Salomé Ureña 03/10/2015 INTEC   BPMSU CD 501 C569t 2008 BPMSU15040321 03/10/2015 03/10/2015 Libros